[Event "New York Manhattan"]
[Site "New York"]
[Date "1990.??.??"]
[Round "7"]
[White "Ivanov, Alexander"]
[Black "Bykhovsky, Avigdor"]
[Result "0-1"]
[WhiteElo "2520"]
[BlackElo "2495"]

1.e4 e6 2.d4 d5 3.Nd2 Nf6 4.e5 Nfd7 5.c3 c5 6.f4 Nc6 7.Ndf3 Qb6 8.a3 a5 9.Ne2 f6
10.g3 Be7 11.Bh3 Nf8 12.exf6 Bxf6 13.Be3 c4 14.Qd2 Ng6 15.Ne5 Nge7 16.g4 g6
17.Ng3 Qc7 18.a4 Bg7 19.Bg2 Bd7 20.h4 Rf8 21.O-O Bf6 22.Nf3 h5 23.gxh5 gxh5
24.Nxh5 Nf5 25.Bh3 Nce7 26.Bf2 O-O-O 27.Ng5 Bxg5 28.hxg5 Ng6 29.Be3 Nd6 30.Bg2 Rh8
31.Nf6 Rh4 32.Bf2 Rxf4 33.Bg3 Rxf1+ 34.Bxf1 Qb6 35.Bh3 Rh8 36.Bg4 Ne4 37.Nxe4 dxe4
38.Re1 Qc6 39.Qe3 Qd5 40.Qxe4 Qxg5 41.Re3 Re8 42.Kf2 Re7 43.Bd6 Rf7+ 44.Rf3 Rxf3+
45.Qxf3 Qd2+ 46.Kg3 Qe1+ 47.Kh3 Bc6 48.Bg3 Bxf3 49.Bxe1 Bxg4+ 50.Kxg4 Kd7
51.Kf3 Ne7 52.d5 exd5 53.Bf2 Kc6 54.Kf4 Nc8 55.Ke5 Nd6 56.Ba7 Ne4  0-1

[Event "World op"]
[Site "Philadelphia"]
[Date "1990.??.??"]
[Round "4"]
[White "Efimov, Igor"]
[Black "Ivanov, Alexander"]
[Result "1/2-1/2"]
[WhiteElo "2400"]
[BlackElo "2520"]

1.e4 e5 2.Nf3 Nc6 3.Bb5 a6 4.Ba4 Nf6 5.Qe2 b5 6.Bb3 Bc5 7.O-O d6 8.c3 O-O
9.d3 Be6 10.Rd1 Bb6 11.Bg5 h6 12.Be3 Bxe3 13.Qxe3  1/2-1/2

[Event "National op"]
[Site "Chicago"]
[Date "1991.??.??"]
[Round "3"]
[White "Kraai, Jesse"]
[Black "Ivanov, Alexander"]
[Result "0-1"]
[WhiteElo "2290"]
[BlackElo "2525"]

1.d4 g6 2.c4 Bg7 3.Nc3 c5 4.d5 d6 5.Nf3 f5 6.g3 Bxc3+ 7.bxc3 Qa5 8.Qb3 Nf6
9.Bh6 Nbd7 10.Bg2 Nb6 11.Nd2 Bd7 12.O-O Ng4 13.Bf4 h6 14.e4 g5 15.Be3 fxe4
16.Bxe4 O-O-O 17.Rae1 Rhf8 18.Bg2 Ba4 19.Qb1 Qxc3 20.Qe4 Nxe3 21.Qxe3 Qxe3
22.Rxe3 Rde8 23.Bf3 Nd7 24.Bh5 Rd8 25.Rxe7 Nf6 26.Bd1 Rde8 27.Rxe8+ Bxe8
28.Re1 Bd7 29.Ne4 Nxe4 30.Rxe4 Re8 31.Rxe8+ Bxe8 32.f4 gxf4 33.gxf4 Kd8 34.a4 Bg6
35.Kf2 b6 36.Kg3 Ke7 37.Kg4 Kf6 38.Bb3 Be4 39.Kh5 Kg7 40.Kg4 Kg6 41.Bd1 Bf5+
42.Kh4 Bd3 43.Bb3 Be2 44.Kg3 Kf5 45.Bc2+ Kf6 46.Bb3 Bd3 47.Kh4 Kf5 48.Kh5 Kxf4
49.Kxh6 Ke5 50.h4 Kd4 51.h5 Kc3 52.Bd1 Kxc4 53.Kg7 Kxd5 54.h6 c4 55.Bf3+ Kc5
56.Bg4 Bb1 57.Bh5 c3 58.Bg6 c2 59.h7 c1=Q  0-1

[Event "Arnold Cup"]
[Site "Gausdal"]
[Date "1991.??.??"]
[Round "1"]
[White "Wegner, Hannu"]
[Black "Ivanov, Alexander"]
[Result "0-1"]
[WhiteElo "2435"]
[BlackElo "2525"]

1.d4 g6 2.c4 Bg7 3.Nc3 c5 4.d5 d6 5.e4 e6 6.Nf3 exd5 7.cxd5 a6 8.a4 Bg4 9.Be2 Bxf3
10.Bxf3 Nd7 11.O-O Ne7 12.g4 O-O 13.g5 f5 14.gxf6 Nxf6 15.Be2 Qa5 16.Ra3 Rae8
17.Be3 Nc8 18.Qc2 Kh8 19.Kh1 Rf7 20.Rg1 Qc7 21.a5 Qd7 22.Qb1 Rfe7 23.f3 Nh5
24.Rg4 Be5 25.b4 c4 26.b5 Rf7 27.bxa6 bxa6 28.Qd1 Nf4 29.Bf1 Ref8 30.Ne2 Nd3
31.Bg2 Rxf3  0-1

[Event "Troll Masters"]
[Site "Gausdal"]
[Date "1991.??.??"]
[Round "6"]
[White "Ernst, Thomas"]
[Black "Ivanov, Alexander"]
[Result "0-1"]
[WhiteElo "2500"]
[BlackElo "2525"]

1.e4 e5 2.Nf3 Nc6 3.Bb5 a6 4.Ba4 Nf6 5.O-O Be7 6.Re1 O-O 7.Bxc6 bxc6 8.Nxe5 Bb7
9.Nf3 d5 10.e5 Ne4 11.d3 Nc5 12.Nbd2 Ne6 13.Nf1 c5 14.Ng3 Re8 15.Ne2 d4 16.Nf4 Kh8
17.Nxe6 fxe6 18.Nd2 Rf8 19.Nc4 Qe8 20.Qg4 Rf5 21.Bd2 Qf7 22.Re2 Rf8 23.Rf1 Rf3
24.Bg5 Qg6 25.gxf3 Bxf3 26.Qg3 Bxg5 27.Rfe1 Qh6 28.Re4 Bxe4 29.Rxe4 Bf4 30.Qg2 Qh5
31.f3 Rf5 32.Kh1 Bxh2 33.Qg4 Qh6 34.Qh4 Qxh4 35.Rxh4 Bf4 36.Kg2 Kg8 37.Kf2 h5
38.Rh1 Rg5  0-1

[Event "Arnold Cup"]
[Site "Gausdal"]
[Date "1991.??.??"]
[Round "6"]
[White "Ivanov, Alexander"]
[Black "Ernst, Thomas"]
[Result "0-1"]
[WhiteElo "2525"]
[BlackElo "2500"]

1.e4 c5 2.Nf3 d6 3.d4 cxd4 4.Nxd4 Nf6 5.Nc3 g6 6.g3 Nc6 7.Nde2 Bg7 8.Bg2 O-O
9.O-O Rb8 10.a4 a6 11.Nd5 b5 12.axb5 axb5 13.Bg5 Nd7 14.Qc1 Re8 15.Rd1 Nc5
16.Bh6 Bh8 17.b4 Bxa1 18.Qxa1 Ne6 19.Ndf4 Ne5 20.Nxe6 Bxe6 21.f4 Qb6+ 22.Kh1 Ra8
23.Qc3 Rec8 24.Qd2 Ng4 25.Nd4 Ra2 26.f5 Rcxc2 27.Nxc2 Nf2+ 28.Qxf2 Qxf2 29.Ne3 Bc4
30.e5 gxf5 31.exd6 exd6 32.Rg1 Re2 33.Nd1  0-1

[Event "Troll Masters"]
[Site "Gausdal"]
[Date "1991.??.??"]
[Round "7"]
[White "Ivanov, Alexander"]
[Black "Ostenstad, Berge"]
[Result "1/2-1/2"]
[WhiteElo "2525"]
[BlackElo "2500"]

1.e4 e6 2.d4 d5 3.Nd2 Nf6 4.e5 Nfd7 5.c3 c5 6.f4 Nc6 7.Ndf3 Qb6 8.a3 a5 9.Ne2 f5
10.h3 Be7 11.g4 g6 12.Ng3 cxd4 13.cxd4 Nf8 14.Rh2 Bd7 15.Be3 a4 16.gxf5 exf5
17.Rc1 Na5 18.h4 h5 19.Rc3 Bb5 20.Bh3 Nc4 21.Bc1 Ne6 22.Nf1 O-O-O 23.Ne3 Kb8
24.Bf1 Na5 25.Kf2 Bxf1 26.Nxf1 Nb3 27.Kg3 Rc8 28.Rhc2 Qb5 29.Be3 Rxc3 30.Rxc3 Rc8
31.Rxc8+ Kxc8 32.Qc2+ Kd7 33.Kf2 Qc6 34.Qd3 Bd8 35.N1d2 Na5 36.Kg3 Ke8 37.Ng1 Kf7
38.Ne2 b5 39.Nc3 Nc7 40.Na2 Be7 41.Bf2 Ke6 42.Be1 Nc4 43.Qc3 Kd7 44.Nf3 Ne6
45.Nc1 Bd8 46.Nd3 Be7 47.Qc1  1/2-1/2

[Event "Troll Masters"]
[Site "Gausdal"]
[Date "1991.??.??"]
[Round "9"]
[White "Ivanov, Alexander"]
[Black "Brunner, Lucas"]
[Result "1/2-1/2"]
[WhiteElo "2525"]
[BlackElo "2460"]

1.e4 e6 2.d4 d5 3.Nd2 c5 4.exd5 Qxd5 5.Ngf3 cxd4 6.Bc4 Qd6 7.O-O Nf6 8.Nb3 Nc6
9.Nbxd4 Nxd4 10.Nxd4 a6 11.Re1 Qc7 12.Bb3 Bd6 13.g3 O-O 14.Bg5 b5 15.Bxf6 gxf6
16.Qd2 Be5 17.c3 Bb7 18.Qh6 f5 19.Nxe6 Qc6 20.f3 Qxf3 21.Qxh7+ Kxh7 22.Ng5+ Kg7
23.Nxf3 Bxc3 24.bxc3 Bxf3 25.c4 Rad8 26.Re3 Be4 27.Rae1 Kf6 28.cxb5 axb5
29.Rf1 Rd4 30.Rc3 Rfd8 31.Bc2 Bxc2 32.Rxc2 Rd1 33.Rxd1 Rxd1+ 34.Kf2 Rd3 35.Rb2 Ra3
36.Ke1 Kg5 37.Rf2 b4 38.Rb2 Ra4 39.Kf2 f4 40.Kf3 fxg3 41.hxg3 f5 42.Kg2  1/2-1/2

[Event "USA-op Los Angeles"]
[Site "Los Angeles"]
[Date "1991.??.??"]
[Round "?"]
[White "Ramirez, Juan Manuel"]
[Black "Ivanov, Alexander"]
[Result "0-1"]
[WhiteElo "2225"]
[BlackElo "2565"]

1.d4 g6 2.e4 Bg7 3.c3 b6 4.Bd3 Bb7 5.Ne2 d6 6.O-O Nd7 7.Be3 Ngf6 8.f3 O-O
9.Nd2 e5 10.d5 Kh8 11.g4 Ng8 12.Ng3 Bh6 13.Bf2 c6 14.c4 Nc5 15.Be2 a5 16.Nb3 Bf4
17.Nxc5 bxc5 18.Qd3 cxd5 19.cxd5 Bc8 20.Kg2 f5 21.Rh1 Ra7 22.Qc2 fxg4 23.fxg4 Nf6
24.h3 Rg7 25.Nf1 h5 26.Bh4 g5 27.Bg3 Kg8 28.Nh2 Qe8 29.Bf3 Qg6 30.Raf1 hxg4
31.Nxg4 Bxg3 32.Kxg3 Nh5+ 33.Kh2 Rh7 34.Bg2 Rf4 35.Ne3 Rxf1 36.Bxf1 Nf4 37.Nf5 g4
38.h4 Bxf5 39.exf5 g3+ 40.Kg1 Qg4 41.Qb3 Rf7 42.Qb8+ Rf8 43.Qxd6 g2 44.Rh2 gxf1=Q+
45.Kxf1 Qd1+ 46.Kf2 Qe2+ 47.Kg3 Nh5+  0-1

[Event "USA-op Los Angeles"]
[Site "Los Angeles"]
[Date "1991.??.??"]
[Round "?"]
[White "Ivanov, Alexander"]
[Black "Rachels, Stuart"]
[Result "1/2-1/2"]
[WhiteElo "2565"]
[BlackElo "2485"]

1.e4 c5 2.Nf3 Nc6 3.d4 cxd4 4.Nxd4 Nf6 5.Nc3 d6 6.Bc4 Bd7 7.O-O e6 8.Be3 Be7
9.f4 O-O 10.f5 Ne5 11.Bb3 Neg4 12.Bg5 e5 13.Bxf6 Nxf6 14.Nde2 Rc8 15.Kh1 b5
16.Qd3 b4 17.Nd5 Nxd5 18.Bxd5 Qb6 19.Qb3 Bb5 20.Rfe1 Bh4 21.Ng3 Qf2 22.c4 bxc3
23.bxc3 Rb8 24.Reb1 Rb6 25.Qa3 Ba6 26.Rxb6 Qxb6 27.c4 Rc8 28.Qa4 Kf8 29.Rd1 Ke7
30.Qa3 Rc5 31.Ne2 Bf2 32.Qh3 Qb2 33.Nc3 Qb8 34.f6+ gxf6 35.Bxf7 Kxf7 36.Qxh7+ Ke6
37.Qf5+ Kf7 38.Qh7+ Ke6 39.Nd5 Qd8 40.Qf5+ Kf7 41.Qxf2 Bxc4 42.Ne3 Be6 43.Qh4 Qg8
44.Rxd6 Rc1+ 45.Rd1 Rxd1+ 46.Nxd1 Bxa2 47.Qf2 Be6 48.Qxa7+ Kg6 49.h3 Qd8
50.Ne3 Qd3 51.Qe7  1/2-1/2

[Event "USA-op Los Angeles"]
[Site "Los Angeles"]
[Date "1991.??.??"]
[Round "?"]
[White "Ivanov, Alexander"]
[Black "Root, Douglas"]
[Result "1/2-1/2"]
[WhiteElo "2565"]
[BlackElo "2460"]

1.e4 e6 2.d4 d5 3.Nd2 Nf6 4.e5 Nfd7 5.c3 c5 6.f4 Nc6 7.Ndf3 Qb6 8.a3 Be7
9.b4 cxd4 10.cxd4 f6 11.Bd3 O-O 12.Ne2 Rf7 13.h4 Nf8 14.Be3 Bd7 15.Bf2 Nd8
16.O-O Bb5 17.exf6 Bxf6 18.Rc1 Qa6 19.Bxb5 Qxb5 20.h5 Nd7 21.Nc3 Qa6 22.f5 Qxa3
23.Nb5 Qxb4 24.Nc7 Nb6 25.Nxa8 Nxa8 26.fxe6 Nxe6 27.Rc8+ Rf8 28.Rxf8+ Nxf8
29.Qa1 a6 30.Rb1 Qe7 31.Qc3 Qd7 32.Bg3 Ne6 33.Ne5 Bxe5 34.Bxe5 h6 35.Qb4 b5
36.Ra1 Nac7 37.Qa3 Qd8 38.Qc3 Qh4 39.Rc1 b4 40.Qxb4 Nb5 41.Rc8+ Kf7 42.Qb1 Qxh5
43.Qf1+ Kg6 44.Rc6 Qg4 45.Rxa6 Nxd4 46.Qd3+ Kh5 47.Bxd4  1/2-1/2

[Event "USA-op Los Angeles"]
[Site "Los Angeles"]
[Date "1991.??.??"]
[Round "?"]
[White "Garmendez, Florentino"]
[Black "Ivanov, Alexander"]
[Result "0-1"]
[WhiteElo "2270"]
[BlackElo "2565"]

1.d4 g6 2.g3 Bg7 3.Bg2 c5 4.Nf3 cxd4 5.Nxd4 Nc6 6.c3 d5 7.O-O Nf6 8.Na3 O-O
9.h3 Ne4 10.Be3 f5 11.Nf3 e5 12.Qc1 Be6 13.Ng5 Nxg5 14.Bxg5 Qb6 15.Qd2 e4
16.Rfd1 d4 17.Nc2 dxc3 18.bxc3 Rf7 19.Be3 Qa5 20.Nd4 Rd7 21.Qc2 Nxd4 22.Bxd4 Rc8
23.Qb2 Bxd4 24.cxd4 Qc3 25.Rab1 Qxb2 26.Rxb2 b6 27.e3 Rc3 28.Bf1 Bd5 29.h4 Kf7
30.Kh2 Ra3 31.Rc1 Rxa2 32.Rxa2 Bxa2 33.Bb5 Re7 34.Ba6 Ke6 35.g4 fxg4 36.Kg3 Kd6
37.Kxg4 Rf7 38.Kg3 Be6 39.Rc2 Rf5 40.Rc1 Rf3+ 41.Kg2 Bh3+ 42.Kg1 Bf5 43.Bb7 Rh3
44.Kg2 Rxh4 45.f3 exf3+ 46.Kxf3 Rh3+ 47.Kf4 Rh4+ 48.Kf3 g5 49.e4 Bg4+ 50.Kg3 h5
51.e5+ Kd7 52.d5 Rh3+ 53.Kg2 Re3 54.e6+ Kd6 55.Rc8 b5 56.Kf2 Re2+ 57.Kf1 Re5
58.Rd8+ Kc5 59.Rc8+ Kb6 60.Ba8 a5 61.Rc6+ Ka7 62.Rc8 a4 63.Bc6 a3 64.Rc7+ Ka6
65.Rc8 a2 66.Ra8+ Kb6 67.Rxa2 Bxe6 68.Rb2 Bxd5 69.Bxb5 Bg2+ 70.Kxg2 Rxb5
71.Rd2 Kc6 72.Kf3 Rd5 73.Ra2 Kd6 74.Ra6+ Ke7 75.Rh6 g4+ 76.Kf4 Kf7 77.Ra6 Kg7
78.Ra7+ Kf6 79.Ra6+ Kf7 80.Ra3 Ke6 81.Ra6+ Rd6 82.Ra8 Rd3 83.Ra6+ Ke7 84.Ra5 Rh3
85.Kg5 Kd6 86.Ra6+ Kd5 87.Ra5+ Kc6 88.Ra8 Kb7 89.Rh8 g3 90.Rh7+ Kc6 91.Rh6+ Kd5
92.Kf4 h4 93.Rh5+ Kc4 94.Ra5 Kd3 95.Ra1 Rh2 96.Rg1 Kc3 97.Ra1 g2 98.Rc1+ Kb2  0-1

[Event "POL-chT"]
[Site "Mikolajki"]
[Date "1991.??.??"]
[Round "1"]
[White "Ivanov, Alexander"]
[Black "Typek, Konrad"]
[Result "0-1"]
[WhiteElo "2525"]
[BlackElo "2340"]

1.d4 d5 2.c4 dxc4 3.Nc3 a6 4.e4 b5 5.a4 b4 6.Na2 e6 7.Bxc4 Bb7 8.f3 c5 9.Ne2 cxd4
10.Nxd4 Qc7 11.Qe2 Bd6 12.Be3 Ne7 13.Rc1 Nbc6 14.Bxe6 fxe6 15.Nxe6 Qd7 16.Nxg7+ Kf7
17.Nh5 Qe6 18.Rd1 a5 19.Nc1 Ba6 20.Nd3 Ne5 21.Nhf4 Qb3 22.Kf2 Rhd8 23.Nxe5+ Bxe5
24.Rxd8 Bxe2 25.Rxa8 Bc4 26.Rxa5 Qxb2+ 27.Kg3 Qc3 28.Kf2 b3 29.Ra8 b2 30.a5 Qc2+
31.Kg3 b1=Q 32.Rxb1 Qxb1 33.a6 Qe1+  0-1

[Event "New York op"]
[Site "New York"]
[Date "1991.??.??"]
[Round "2"]
[White "Balinas, Rosendo Carrean"]
[Black "Ivanov, Alexander"]
[Result "1/2-1/2"]
[WhiteElo "2380"]
[BlackElo "2525"]

1.c4 g6 2.g3 Bg7 3.Bg2 e5 4.Nc3 d6 5.e3 Nc6 6.Nge2 h5 7.h3 Nh6 8.Nd5 O-O
9.f4 Ne7 10.O-O c6 11.Nxe7+ Qxe7 12.d3 Be6 13.e4 f5 14.Qc2 exf4 15.Bxf4 fxe4
16.dxe4 Nf7 17.Rad1 Ne5 18.b3 g5 19.Be3 g4 20.hxg4 Bxg4 21.Bf4 h4 22.Rde1 Ng6
23.Qd3 Be5 24.Qe3 Bxe2 25.Rxe2 Rf7 26.Ref2 hxg3 27.Bxg3 Rff8 28.Rxf8+ Rxf8
29.Rxf8+ Nxf8 30.Bxe5 Qxe5 31.Qxa7 Qa1+ 32.Kh2 Qe5+ 33.Kh1 Qh8+ 34.Kg1 Qa1+
35.Kh2 Qe5+ 36.Kh1  1/2-1/2

[Event "New York op"]
[Site "New York"]
[Date "1991.??.??"]
[Round "3"]
[White "Ivanov, Alexander"]
[Black "Remlinger, Larry"]
[Result "1-0"]
[WhiteElo "2525"]
[BlackElo "2365"]

1.e4 e6 2.d4 d5 3.Nd2 c5 4.exd5 Qxd5 5.Ngf3 cxd4 6.Bc4 Qd6 7.O-O Nf6 8.Nb3 Nc6
9.Nbxd4 Nxd4 10.Nxd4 a6 11.Re1 Bd7 12.g3 Qc7 13.Bf1 Bc5 14.Nb3 Bd6 15.c4 b6
16.Bg5 Bb4 17.Re3 Bc6 18.Bxf6 gxf6 19.Qh5 O-O-O 20.c5 b5 21.a4 Bd2 22.Nxd2 Rxd2
23.axb5 axb5 24.Bxb5 Rhd8 25.Ba6+ Bb7 26.Bxb7+ Qxb7 27.c6 Qxb2 28.Ra8+ Kc7
29.Qa5+ Qb6 30.Ra7+  1-0

[Event "New York op"]
[Site "New York"]
[Date "1991.??.??"]
[Round "4"]
[White "Meyer, Eugene B"]
[Black "Ivanov, Alexander"]
[Result "0-1"]
[WhiteElo "2470"]
[BlackElo "2525"]

1.c4 e5 2.g3 g6 3.Nc3 Bg7 4.Bg2 d6 5.Nf3 f5 6.O-O Ne7 7.d4 e4 8.Ne1 Nbc6
9.Nc2 d5 10.c5 b6 11.b4 bxc5 12.bxc5 Ba6 13.Bg5 h6 14.Bxe7 Nxe7 15.Ne3 O-O
16.f4 Rb8 17.Qa4 Qe8 18.Qxe8 Rfxe8 19.Nc2 Nc6 20.Rfd1 Rb2 21.Rac1 Bc4 22.e3 Bxa2
23.Na3 Rd8 24.Ra1 Bb3 25.Rdb1 Rxb1+ 26.Rxb1 Nxd4 27.Nxd5 c6 28.exd4 Bxd4+
29.Kh1 cxd5 30.c6 Rc8 31.Rxb3 Rxc6 32.Bf1 Bb6 33.Rb1 d4 34.Nc4 Bc7 35.Ra1 d3
36.Nb2 a5 37.Nxd3 exd3 38.Bxd3 Kf8 39.Ra2 Rc3 40.Bb5 Rb3 41.Bc6 Rb6 42.Rc2 Bd6
43.Kg2 Rb4 44.Ra2 Bc7 45.Re2 Rb6 46.Ba4 Kf7 47.h4 h5 48.Rc2 Bd6 49.Re2 Kf6
50.Bd7 Bc5 51.Rc2 Bd6 52.Be8 Rb8 53.Bd7 Ke7 54.Bc6 Rb4 55.Re2+ Kf6 56.Ra2 Rb6
57.Be8 Rb8 58.Bc6 Bb4 59.Rc2 Rd8 60.Bb5 Rd4 61.Rc6+ Kg7 62.Rc7+ Kh6 63.Rc2 Be1
64.Rc1 Rd2+ 65.Kf3 Bf2 66.Rc6 Bd4 67.Be2 a4 68.Ra6 Ra2 69.Rd6 Bc5 70.Re6 a3
71.g4 hxg4+ 72.Kg3 Rc2 73.h5 a2 74.Rxg6+ Kh7 75.Bd3 a1=Q 76.Bxc2 Qg1+  0-1

[Event "New York op"]
[Site "New York"]
[Date "1991.??.??"]
[Round "7"]
[White "Ivanov, Alexander"]
[Black "Silman, Jeremy D"]
[Result "1/2-1/2"]
[WhiteElo "2525"]
[BlackElo "2380"]

1.e4 c5 2.Nf3 Nc6 3.d4 cxd4 4.Nxd4 g6 5.Nc3 Bg7 6.Nde2 Nf6 7.g3 b5 8.Bg2 Rb8
9.O-O O-O 10.Bf4 d6 11.Qd2 b4 12.Nd5 Nxd5 13.exd5 Na5 14.b3 Ba6 15.a3 Bxe2
16.Qxe2 Bxa1 17.Rxa1 bxa3 18.Rxa3 Qc7 19.Qa6 Nb7 20.Qc6 Qb6 21.Qd7 Rfe8 22.Be3 Nc5
23.Qxa7 Qxa7 24.Rxa7 Ra8 25.Rc7 Rac8 26.Rc6 Nb7 27.Bh3 f5 28.Rb6 Nd8 29.g4 fxg4
30.Bxg4 Rxc2 31.Bg5 Rc7 32.Rb4 h5 33.Bh3 Rb7 34.Re4 Rxb3 35.Kg2 Nf7  1/2-1/2

[Event "New York op"]
[Site "New York"]
[Date "1991.??.??"]
[Round "8"]
[White "Vucic, Mladen"]
[Black "Ivanov, Alexander"]
[Result "1-0"]
[WhiteElo "2380"]
[BlackElo "2525"]

1.d4 g6 2.Nf3 Bg7 3.g3 c5 4.c3 Qa5 5.Nbd2 cxd4 6.Nb3 Qb6 7.cxd4 Nf6 8.Bg2 d6
9.O-O O-O 10.Nfd2 Bd7 11.Nc4 Qa6 12.Nca5 d5 13.Bg5 Ne4 14.Bxe4 dxe4 15.Rc1 b6
16.Nc4 Bb5 17.Qc2 f5 18.Ne5 Bxe5 19.dxe5 Nc6 20.Bh6 Rfc8 21.Qd2 Nxe5 22.Qd4  1-0

[Event "Philadelphia World op"]
[Site "Philadelphia"]
[Date "1991.??.??"]
[Round "?"]
[White "Dvorietzky, Mark I"]
[Black "Ivanov, Alexander"]
[Result "1/2-1/2"]
[WhiteElo "2465"]
[BlackElo "2565"]

1.e4 e5 2.Nf3 Nc6 3.Bb5 a6 4.Bxc6 dxc6 5.O-O Qd6 6.d3 f6 7.Be3 c5 8.Nbd2 Be6
9.Qe2 Ne7 10.c3 Nc6 11.Rfd1 Qd7 12.Nb3 Bxb3 13.axb3 Bd6 14.d4 cxd4 15.cxd4 exd4
16.Nxd4 Nxd4 17.Bxd4 Qe6 18.Bc5 Rd8 19.Bxd6 Rxd6 20.Rxd6 cxd6 21.Rc1 O-O
22.Qc4 Qxc4 23.Rxc4 Rd8 24.Kf1  1/2-1/2

[Event "Philadelphia World op"]
[Site "Philadelphia"]
[Date "1991.??.??"]
[Round "2"]
[White "Taylor, Timothy"]
[Black "Ivanov, Alexander"]
[Result "1-0"]
[WhiteElo "2460"]
[BlackElo "2565"]

1.d4 g6 2.c4 Bg7 3.Nc3 c5 4.e3 Nf6 5.Nf3 O-O 6.Be2 b6 7.O-O d6 8.b3 Bb7 9.Bb2 e6
10.Qd2 a6 11.dxc5 bxc5 12.Rfd1 Ne8 13.Na4 Bxb2 14.Qxb2 Nd7 15.Rd2 Rb8 16.Rad1 Qe7
17.Ne1 f5 18.Bf3 Bxf3 19.Nxf3 g5 20.Nc3 g4 21.Ne1 Rf6 22.f4 Rb6 23.g3 Rf8
24.e4 fxe4 25.Nxe4 Nef6 26.Qc2 Nxe4 27.Qxe4 Nf6 28.Qe2 a5 29.Ng2 Kf7 30.Qd3 a4
31.bxa4 Rfb8 32.Ne3 h5 33.Re2 Qb7 34.Nc2 Rb1 35.Na3 Rxd1+ 36.Qxd1 d5 37.Nb5 Qc6
38.Re5 Rd8 39.f5 exf5 40.Qd3 Rd7 41.Rxf5 d4 42.a5 Re7 43.Rf1 Kg7 44.a3 Re3
45.Qd2 Kg6 46.Qf2 Qe6 47.Nc7 Qe7 48.Qf5+ Kg7 49.Qg5+ Kh7 50.Qxf6 Qxc7 51.Qf5+  1-0

[Event "St Martin op"]
[Site "St Martin"]
[Date "1991.??.??"]
[Round "1"]
[White "Collins, David"]
[Black "Ivanov, Alexander"]
[Result "0-1"]
[WhiteElo "1940"]
[BlackElo "2520"]

1.c4 g6 2.Nc3 Bg7 3.g3 e5 4.Bg2 d6 5.e3 h5 6.b3 h4 7.g4 h3 8.Nxh3 Qh4 9.Qf3 Nf6
10.g5 e4 11.Qg3 Bxh3 12.Qxh4 Rxh4 13.gxf6 Bxf6 14.Bxh3 Rxh3 15.Bb2 Na6 16.Na4 Bxb2
17.Nxb2 O-O-O 18.Kf1 d5 19.d3 dxc4 20.dxc4 Rd2 21.Kg2 Rxe3  0-1

[Event "St Martin op"]
[Site "St Martin"]
[Date "1991.??.??"]
[Round "3"]
[White "Cuartas, Carlos"]
[Black "Ivanov, Alexander"]
[Result "1/2-1/2"]
[WhiteElo "2345"]
[BlackElo "2525"]

1.e4 c5 2.Nf3 d6 3.c3 Nf6 4.h3 g6 5.Bd3 Bg7 6.Bc2 b6 7.O-O Bb7 8.Re1 Nbd7
9.d4 e5 10.dxe5 Nxe5 11.Ba4+ Kf8 12.Bc2 Qe7 13.Bf4 Nh5 14.Be3 Nxf3+ 15.Qxf3 Kg8
16.Nd2 h6 17.Bb3 Nf6 18.Qg3 Rd8 19.f3 Kh7 20.Rad1 Rhe8 21.Qh4 Nh5 22.Qxe7 Rxe7
23.g4 Nf6 24.Bf2 d5 25.exd5 Nxd5 26.Ne4 Rde8 27.Bh4 g5 28.Bg3  1/2-1/2

[Event "St Martin op"]
[Site "St Martin"]
[Date "1991.??.??"]
[Round "4"]
[White "Ivanov, Alexander"]
[Black "McCarthy, Brian"]
[Result "1-0"]
[WhiteElo "2525"]
[BlackElo "2250"]

1.e4 Nc6 2.d4 d5 3.Nc3 dxe4 4.d5 Ne5 5.Qd4 Ng6 6.h4 e5 7.Qxe4 Nf6 8.Qa4+ Bd7
9.Bb5 a6 10.Bxd7+ Qxd7 11.Qxd7+ Kxd7 12.Bd2 Bd6 13.O-O-O h6 14.Nge2 Ne7 15.Be1 b5
16.a3 Rhb8 17.Rh3 a5 18.a4 b4 19.Nb5 Nexd5 20.Nxd6 Kxd6 21.f4 e4 22.Rg3 Ke7
23.Bf2 Kf8 24.Bc5+ Kg8 25.Rb3 Rd8 26.c3 bxc3 27.bxc3  1-0

[Event "St Martin op"]
[Site "St Martin"]
[Date "1991.??.??"]
[Round "5"]
[White "Wedberg, Tom"]
[Black "Ivanov, Alexander"]
[Result "1/2-1/2"]
[WhiteElo "2465"]
[BlackElo "2525"]

1.e4 e5 2.Nf3 Nc6 3.Bb5 a6 4.Ba4 Nf6 5.O-O Be7 6.Bxc6 dxc6 7.Qe1 Nd7 8.b3 c5
9.Bb2 f6 10.Nh4 O-O 11.Nf5 Nb8 12.Nxe7+ Qxe7 13.Nc3 Be6 14.d3 Nc6 15.Ne2 a5
16.a4 g5 17.f3 Rf7 18.Kh1 b6 19.g3 Nd4 20.Nxd4 cxd4 21.f4 Bh3 22.Rf2 Qd7
23.Qe2 Bg4 24.Qf1 Bh3  1/2-1/2

[Event "Chicago Masters"]
[Site "Chicago"]
[Date "1992.??.??"]
[Round "?"]
[White "Ivanov, Alexander V"]
[Black "Kaushansky, Leonid"]
[Result "1-0"]
[WhiteElo "2555"]
[BlackElo "2255"]

1.e4 c5 2.Nf3 Nc6 3.d4 cxd4 4.Nxd4 Nf6 5.Nc3 e5 6.Ndb5 d6 7.a4 a6 8.Na3 Be6
9.Bg5 Be7 10.Bxf6 Bxf6 11.Bc4 Rc8 12.Nd5 Bg5 13.O-O O-O 14.c3 Kh8 15.Qe2 f5
16.Nb6 Bxc4 17.Naxc4 Rc7 18.Rad1 Rcf7 19.Rxd6 Qc7 20.Rfd1 Be7 21.Rd7 Qb8
22.R7d5 fxe4 23.Nd7 Qe8 24.Nxf8 Qxf8 25.Nxe5 Nxe5 26.Rxe5 Bc5 27.Rxc5 Qxc5
28.Rd8+ Rf8 29.Rxf8+ Qxf8 30.Qxe4  1-0

[Event "Linares NL"]
[Site "Linares"]
[Date "1992.??.??"]
[Round "?"]
[White "Ivanov, Alexander"]
[Black "Hernandez, Gilberto"]
[Result "1/2-1/2"]
[WhiteElo "2545"]
[BlackElo "2480"]

1.e4 c5 2.Nf3 Nc6 3.d4 cxd4 4.Nxd4 Nf6 5.Nc3 e6 6.Bc4 Qb6 7.Nb3 d6 8.Bg5 Bd7
9.O-O Ne5 10.Be2 Be7 11.a4 O-O 12.a5 Qc7 13.Qd4 Rfd8 14.h3 Be8 15.Bf4 Bc6
16.Bg3 Ng6 17.Rfd1 e5 18.Qe3 a6 19.Bf3 Rac8 20.Rd2 h6 21.Qe2 Nf8 22.Na4 Bb5
23.Qe1 N8d7 24.Nc3 Bc4 25.Be2 Be6 26.Qd1 Nc5 27.Nxc5 dxc5 28.Bf3 Rd4 29.Nd5 Bxd5
30.exd5 Bd6 31.c3 Rxd2 32.Qxd2 c4 33.Qe2 g6 34.Bh4 Nh7 35.g4 Qd7 36.Kh1 Kg7
37.Be4 Rc5 38.f3 Ng5 39.Kg2 f5 40.Bc2 Rxd5 41.Bxg5 hxg5 42.Rd1 Rxd1 43.Qxd1 Kf6
44.Qd5 Qe6 45.Qxe6+ Kxe6 46.Ba4 Ke7 47.Bc2 Ke6 48.Ba4 Bc7 49.Be8 Bxa5 50.Bxg6 fxg4
51.hxg4 b5 52.Kf2 Bb6+ 53.Ke2 Kd6 54.Kd2 Bf2 55.Kc2 Kc5 56.Be4 a5 57.Bb7 b4  1/2-1/2

[Event "Linares NL"]
[Site "Linares"]
[Date "1992.??.??"]
[Round "?"]
[White "Ivanov, Alexander"]
[Black "Sariego, Wilfredo"]
[Result "0-1"]
[WhiteElo "2545"]
[BlackElo "2435"]

1.e4 d5 2.exd5 Nf6 3.Bb5+ Bd7 4.Bc4 b5 5.Bb3 a5 6.a3 Bg4 7.f3 Bc8 8.Nc3 Ba6
9.Nge2 g6 10.Nd4 Qd7 11.Qe2 a4 12.Ba2 b4 13.Ncb5 bxa3 14.Qc4 Bxb5 15.Nxb5 Ra5
16.Nc3 axb2 17.Bxb2 a3 18.Bc1 e6 19.Rb1 Na6 20.dxe6 Qxe6+ 21.Qxe6+ fxe6 22.Kd1 Nd5
23.Nxd5 exd5 24.c3 Bd6 25.d4 Kd7 26.h4 c5 27.h5 gxh5 28.Rxh5 cxd4 29.Bd2 Nc7
30.cxd4 Ra4 31.Bc3 Ra6 32.Kc2 h6 33.Kd3 Rg8 34.g4 Rf8 35.Rf1 Bf4 36.Bxd5 Bg5
37.Bc4 Rc6 38.Rh2 Re8  0-1

[Event "Linares NL"]
[Site "Linares"]
[Date "1992.??.??"]
[Round "?"]
[White "Ivanov, Alexander"]
[Black "Zapata, Alonso"]
[Result "0-1"]
[WhiteElo "2545"]
[BlackElo "2530"]

1.e4 c5 2.Nf3 e6 3.d4 cxd4 4.Nxd4 a6 5.g3 d5 6.Nc3 dxe4 7.Nxe4 e5 8.Nb3 Qxd1+
9.Kxd1 Nc6 10.Bg2 Bg4+ 11.f3 O-O-O+ 12.Ke2 Be6 13.Be3 f5 14.Bh3 Kb8 15.Nec5 Bc8
16.Rhd1 Be7 17.Rxd8 Bxd8 18.a4 Nf6 19.a5 Bc7 20.Ra4 h6 21.Bd2 Rd8 22.Rc4 Rd6
23.g4 e4 24.fxe4 Ne5 25.Rb4 fxg4 26.Bg2 Rc6 27.c3 g5 28.Nd3 Nxd3 29.Kxd3 Nd7
30.Be3 Bxh2 31.Nd4 Rf6 32.Ke2 Bd6 33.Ra4 Ne5 34.Ra1 g3 35.Rh1 Bg4+ 36.Kd2 Nc4+
37.Kd3 Nxb2+ 38.Kc2 Nc4 39.Bg1 Nxa5 40.Nf5  0-1

[Event "Linares NL"]
[Site "Linares"]
[Date "1992.??.??"]
[Round "?"]
[White "Ivanov, Alexander"]
[Black "Alonso, Rene"]
[Result "1-0"]
[WhiteElo "2545"]
[BlackElo "2395"]

1.e4 e5 2.Nf3 Nc6 3.Bb5 a6 4.Ba4 Nf6 5.O-O Be7 6.Re1 b5 7.Bb3 d6 8.c3 O-O
9.h3 Na5 10.Bc2 c5 11.d4 Qc7 12.Nbd2 cxd4 13.cxd4 Bb7 14.d5 Rac8 15.Bd3 Nd7
16.Nf1 f5 17.exf5 Nc5 18.Ng5 Nxd3 19.Qxd3 Qc4 20.Qg3 Qxd5 21.Ne3 Qc6 22.Ne6 Rf7
23.b3 Qe8 24.Ba3 Nc6 25.Rad1 b4 26.Bb2 Nd8 27.Ng4 Kh8 28.Nxe5 dxe5 29.Nxg7 Qg8
30.Qxe5 Nc6 31.Qxe7 Rxe7 32.Rxe7 Nxe7 33.Ne6+ Qg7 34.Nxg7 Nd5 35.Ne8+ Nc3
36.Nd6 Rc7 37.Nxb7 Rxb7 38.Rc1 Rc7 39.Kf1 Kg8 40.Bxc3 bxc3 41.Ke2 Rc5 42.f3 Ra5
43.Rc2 Re5+ 44.Kd3 Rxf5  1-0

[Event "Linares NL"]
[Site "Linares"]
[Date "1992.??.??"]
[Round "?"]
[White "Ivanov, Alexander"]
[Black "Espinoza Flores, Rafael"]
[Result "1-0"]
[WhiteElo "2545"]
[BlackElo "2430"]

1.e4 c5 2.Nf3 Nc6 3.d4 cxd4 4.Nxd4 Nf6 5.Nc3 e5 6.Ndb5 d6 7.a4 Be6 8.Bg5 Rc8
9.Nd5 Bxd5 10.exd5 Ne7 11.Nc3 a6 12.Qf3 Neg8 13.Bd3 g6 14.a5 Bg7 15.O-O h6
16.Bd2 Ne7 17.Na4 O-O 18.Nb6 Rc7 19.c4 Ne8 20.Qh3 Kh7 21.b4 f5 22.Rac1 Nf6
23.f4 Ng4 24.Be2 exf4 25.Bxf4 Ne5 26.c5 Nf7 27.Qg3 Nc8 28.Qd3 Be5 29.g3 Qf6
30.c6 Bxf4 31.gxf4 Na7 32.cxb7 Rxb7 33.Qxa6 Re7 34.Qd3 Rfe8 35.Rf2 Qb2 36.Rb1 Qf6
37.Bf1 Re3 38.Qd2 g5 39.Nc4 gxf4 40.Kh1 Ng5 41.Rxf4 R3e4 42.Bd3 Nb5 43.Rff1 Nd4
44.Bxe4 Nxe4 45.Qd3 Qg7 46.Ne3 Rg8 47.Rxf5  1-0